000 00463nam a22001697a 4500
003 OSt
005 20221119130020.0
008 221119b |||||||| |||| 00| 0 eng d
040 _cDLC
050 _bB575S
082 _bB575S
100 _aBhavani, Satya Ganga
245 _aSatya To Truth:
_bA Widow's Pilgrimage to an Authentic Faith/
_cby Satya Ganga Bhavani.
260 _auttarakhand:
_bR. Satya Ganga Bhavani,
_c2014.
300 _a127p.
942 _2ddc
_cBK
999 _c11065
_d11065